|
|
|
|
| LEADER |
00000nam0a2200000 4500 |
| 001 |
216270 |
| 005 |
20231031194134.0 |
| 010 |
|
|
|a 576330277X
|
| 035 |
|
|
|a (RuTPU)RU\TPU\book\236237
|
| 090 |
|
|
|a 216270
|
| 100 |
|
|
|a 20120522d1989 m y0rusy50 ca
|
| 101 |
0 |
|
|a rus
|
| 102 |
|
|
|a RU
|
| 105 |
|
|
|a a z 000zy
|
| 200 |
1 |
|
|a Край симбирский
|e краткий исторический очерк
|f отв. ред. В. Н. Сверкалов
|
| 210 |
|
|
|a Саратов
|c Приволжское книжное издательство
|d 1989
|
| 215 |
|
|
|a 254 с.
|
| 610 |
1 |
|
|a Симбирская губерния
|
| 610 |
1 |
|
|a история
|
| 610 |
1 |
|
|a Средняя Волга
|
| 610 |
1 |
|
|a первобытнообщинный строй
|
| 610 |
1 |
|
|a феодальные отношения
|
| 610 |
1 |
|
|a монголо-татарское нашествие
|
| 610 |
1 |
|
|a Казанское ханство
|
| 610 |
1 |
|
|a Русское централизованное государство
|
| 610 |
1 |
|
|a империализм
|
| 686 |
|
|
|a Т3(2Р35)
|v LBC/SL-A
|2 rubbk
|
| 702 |
|
1 |
|a Сверкалов
|b В. Н.
|4 340
|
| 801 |
|
1 |
|a RU
|b 63413507
|c 20120522
|
| 801 |
|
2 |
|a RU
|b 63413507
|c 20120611
|g RCR
|
| 942 |
|
|
|c BK
|